| 000 | 00435nam a2200193Ia 4500 | ||
|---|---|---|---|
| 008 | 170918s9999 xx 000 0 und d | ||
| 020 | _a590474863 | ||
| 050 | _bG441 1992 | ||
| 100 | _aGibbons, Gail | ||
| 245 | _aStargazers / | ||
| 245 | _cby Gail Gibbons. | ||
| 260 | _aNew York : | ||
| 260 | _bScholastic, | ||
| 260 | _c1992 | ||
| 300 | _aunpaged : | ||
| 300 | _bcolor illustration ; | ||
| 300 | _c20cm. | ||
| 500 | _a640 | ||
| 999 |
_c343085 _d343085 |
||